Statistics & probability & their applications / (Record no. 179145)
[ view plain ]
| 000 -LEADER | |
|---|---|
| fixed length control field | 01435 a2200229 4500 |
| 003 - CONTROL NUMBER IDENTIFIER | |
| control field | NUST |
| 005 - DATE AND TIME OF LATEST TRANSACTION | |
| control field | 20221123132137.0 |
| 010 ## - LIBRARY OF CONGRESS CONTROL NUMBER | |
| LC control number | 84005384 |
| 020 ## - INTERNATIONAL STANDARD BOOK NUMBER | |
| International Standard Book Number | 0030534062 |
| 040 ## - CATALOGING SOURCE | |
| Transcribing agency | Nust |
| 082 00 - DEWEY DECIMAL CLASSIFICATION NUMBER | |
| Classification number | 519.5,BRO |
| 100 1# - MAIN ENTRY--PERSONAL NAME | |
| Personal name | Brockett, Patrick. |
| 9 (RLIN) | 103425 |
| 245 10 - TITLE STATEMENT | |
| Title | Statistics & probability & their applications / |
| Statement of responsibility, etc. | Patrick Brockett, Arnold Levine. |
| 260 ## - PUBLICATION, DISTRIBUTION, ETC. | |
| Place of publication, distribution, etc. | Philadelphia : |
| Name of publisher, distributor, etc. | Saunders College Pub., |
| Date of publication, distribution, etc. | c1984. |
| 300 ## - PHYSICAL DESCRIPTION | |
| Extent | xvi, 576 p. : |
| Other physical details | ill. ; |
| Dimensions | 24 cm. |
| 505 ## - FORMATTED CONTENTS NOTE | |
| Formatted contents note | The Nature and Purposes of Statistics (Page-1), Describing Samples and Populations (Page-11), Probability Models (Page--61), Random Variables, Probability Distributions, and Probability Models (Page-107), The Normal Distribution (Page-1570, Estimation; Confidence Intervals (Page-1890, Hypothesis Testing About the Mean and Variance of a Population (Page-2170, Comparing Two Populations (Page-263), Prediction and Association: Regression and Correlation (Page-303), Evaluation of Categorical Data; Contingency Tables (Page-341), Analysis of Variance (Page-369), Non parametric Statistics (Page-399), Sampling Theory (Page-437), Practical Aspects of Statistics; Survey Design (Page-469), Questionnaires (page-495), Statistical Tables (Page-527). |
| 650 #0 - SUBJECT ADDED ENTRY--TOPICAL TERM | |
| Topical term or geographic name entry element | Mathematical statistics. |
| 9 (RLIN) | 61 |
| 650 #0 - SUBJECT ADDED ENTRY--TOPICAL TERM | |
| Topical term or geographic name entry element | Probabilities. |
| 700 1# - ADDED ENTRY--PERSONAL NAME | |
| Personal name | Levine, Arnold. |
| 9 (RLIN) | 103426 |
| 740 0# - ADDED ENTRY--UNCONTROLLED RELATED/ANALYTICAL TITLE | |
| Uncontrolled related/analytical title | Statistics and probability and their applications. |
| 942 ## - ADDED ENTRY ELEMENTS (KOHA) | |
| Source of classification or shelving scheme | |
| Koha item type | Book |
| Call number prefix | 519.5,BRO |
| Withdrawn status | Lost status | Source of classification or shelving scheme | Damaged status | Not for loan | Permanent Location | Current Location | Shelving location | Date acquired | Full call number | Barcode | Date last seen | Price effective from | Koha item type | Public note |
|---|---|---|---|---|---|---|---|---|---|---|---|---|---|---|
| Military College of Signals (MCS) | Military College of Signals (MCS) | General Stacks | 12/12/2016 | 519.5,BRO | MCS28432 | 12/08/2016 | 12/12/2016 | Book | Almirah No.14, Shelf No.5 |
